| 000 | 01373nam a2200265 a 4500 | ||
|---|---|---|---|
| 001 | 000026274 | ||
| 003 | DO-SdBNP | ||
| 005 | 20250607073643.0 | ||
| 007 | ta | ||
| 008 | 110308s1978 dr aj 000 0 spa d | ||
| 040 |
_aDO-SdBNP _bspa _cBNPHU |
||
| 082 | 4 |
_a304.8097293 _bR173e |
|
| 100 | 1 |
_aRamirez M. , Nelson _953303 |
|
| 245 | 1 | 0 |
_aEncuesta de migración a Santo Domingo y Santiago : _binforme general / _cNelson Ramirez M. |
| 260 |
_a[Santo Domingo] : _bSESPAS: _bCONAPOFA, _c[1978]. |
||
| 300 |
_av, 186 p. : _bil., tablas ; _c21 cm. |
||
| 500 | _aIncluye referencias bibliográficas y notas al pie de las páginas | ||
| 505 | 0 |
_aPresentación -- _tIntroducción -- _tAntecedentes, objetivos y metodología -- _tCaracterísticas generales de la población de cada ciudad --- _tLa migración a Santo domingo y Santiago: aspectos generales -- _tResumen de los resultados y conclusiones -- _tAnexo: cuestionarioss utilizados en la encuesta -- _tA. Cuestionario de hogar -- _tB. Cuestionario individual -- |
|
| 590 | _aInventariado, 2018/VM | ||
| 650 | 4 |
_aMigración interna _zRepública Dominicana _953304 |
|
| 710 | 2 |
_aConsejo Nacional de Población y Familia (República Dominicana) _96985 |
|
| 710 | 1 |
_aRepública Dominicana. _b Secretaria de Estado de Salud Pública y Asistencia Social (2001) _956549 |
|
| 910 | _aValidado. Control de calidad MFF | ||
| 942 |
_2ddc _cLBS1 |
||
| 999 |
_c25766 _d25766 |
||